000 00300nam a2200121Ia 4500
008 220214s9999 xx 000 0 und d
022 _a0032-3896
245 0 _aPolymer Journal
260 _bSociety of Polymer Science
_aJapan
310 _aM
500 _aEnding Volume & Year: 20, 1988
942 _cBJ
999 _c14709
_d14709